000 00981nam a22003017a 4500
001 BR9606107
003 BR-BrBNA
005 20230928095253.0
007 ta
008 230509b bl.||||| |||| 00| 0 por d
040 _aBR-BrBNA
_bpor
_cBiblioteca Nacional de Agricultura
041 _a(Por)
072 _aH50; F40; C10
090 _ H50 BR9606107
100 1 _aBaptista, G.C. de
110 1 _aAssociacao Brasileira de Educacao Agricola Superior, Brasilia, DF (Brasil)
_9275
245 1 _aCurso de protecao de plantas. Modulo 7 - Toxicologia, meio ambiente e legislacao especifica. Modulo 7.1.3 - Carbamatos. Modulo 7.1.4 - Clorados
_bCurso de especializacaco por tutoria a distancia
260 3 _aBrasilia, DF (Brasil):
_c[nd].
300 _avp.
650 _aToxidez
650 _aMeio Ambiente
650 _aCarbamato
650 _aCurso
650 _aInseticida Clorado
650 _aComposto Quimico
909 _a202309
_bLucia
_c55
_dLucia Elande
942 _cBK
999 _c55554
_d55554